[Event "IECC CL7-2000.25"]
[Site "IECC email"]
[Date "2000.04.22"]
[Round "?"]
[White "Seven, Blake"]
[Black "Fisher, Alexander J"]
[Result "0-1"]
[WhiteElo "686"]
[BlackElo "1012"]
[PlyCount "56"]
[EventDate "2000.??.??"]
[EventType "tourn (corr)"]
[EventRounds "4"]
[SourceTitle "Corr 2008"]
[Source "ChessBase"]
[SourceDate "2008.06.24"]
[SourceVersion "1"]
[SourceVersionDate "2008.06.24"]
[SourceQuality "1"]

1. Nc3 e5 2. Nf3 Nc6 3. h4 Bb4 4. a3 Bxc3 5. bxc3 Nf6 6. Rb1 d5 7. e3 e4 8. Ng5 h6 9. Nxf7 Kxf7 10. h5 Rf8 11. c4 Kg8 12. cxd5 Qxd5 13. c4 Qf5 14. Rb5 Ne5 15. f3 exf3 16. Bb2 f2+ 17. Ke2 Qg4+ 18. Kxf2 Qxd1 19. Rxe5 Ng4+ 20. Kg3 Nxe5 21. Bxe5 Qg4+ 22. Kh2 Qxh5+ 23. Kg1 Qxe5 24. Be2 Qg3 25. Bh5 Rf2 26. Rh2 Bh3 27. Bf3 Qxf3 28. gxf3 Rf1# 0-1